000 00856cam a2200277 i 4500
001 768714001
003 CO-MdBIC
005 20231201095006.0
008 231201t1997 cr ||||| |||| 00| 0 spa d
040 _bspa.
_aCO-MdFUSB
_cCO-MdFUSB
_dCO-MdFUSBC
_erda
041 _aspa
082 0 4 _aG 231.765 C723d
100 1 _aColson, Chuck
245 1 0 _aDialogando con la evolución : Una perspectiva bíblica / Chuck Colson
_c/
264 1 _aSan José, Costa Rica : Confraternidad Latinoamericana de Iglesias Reformadas
_bCLIR,
_c[1997]
264 4 _c©1997
300 _a44 Pag
_c;
336 _atexto
_btxt
_2rdacontent
337 _2rdamedia
_asin mediación
_bn
338 _2rdacarrier
_avolumen
_bnc
650 7 _aEvolucionismo
_2embne
_96974
650 7 _aCreación
_9251
650 7 _aReligión y ciencia
_9259
942 _cBK
945 _aJOHAN1477
999 _c40212
_d40212